000 nam a22 7a 4500
999 _c331130
_d331130
003 NUST
005 20170918103144.0
008 170918b xxu||||| |||| 00| 0 eng d
020 _a9789695033302
040 _cNUST
082 _a954.9123
_bIQB
100 _aIqbal, Javid
_94619
245 _aSaqafat Sarhad:
_btareekh ky ainy mein /
_cby Javid Iqbal
260 _aLahore:
_bAl- Faisal,
_c2010
300 _a378 p.
546 _aIn urdu
650 _aProvince- Sarhad - Pakistan
_94620
880 _6100-01\(3\r
_aجاوید اقبال
880 _6245-02\(3\r
_aثقافت سرحد:
_bتاریخ کے آئینے میں
_cجاوید اقبال
880 _6260-03\(3\r
_aلاہور:
_bالفیصل ،
_c2010
942 _2ddc
_cBK